| 000 | 00694am a2200265a 44500 | ||
|---|---|---|---|
| 003 | AR-BaBNM | ||
| 005 | 20251128211051.0 | ||
| 008 | 262020s1962 #AR|||||||||||000 | ing|| | ||
| 020 | _a0-03-069695-X | ||
| 040 | _cAR-BaBNM | ||
| 100 | 1 | _aHarris, Julian | |
| 245 | 1 | 0 | _aBasic conversational french |
| 250 | _a4th ed. | ||
| 260 |
_aNew York _bHolt, Rinehart and Winston _c1962 |
||
| 300 | _a439, xlix p. | ||
| 500 | _aContiene abreviaturas, índice alfabético y mapas | ||
| 650 | 4 | _aENSEÑANZA DE IDIOMAS | |
| 650 | 4 | _aFRANCES | |
| 650 | 4 | _aCONVERSACION | |
| 650 | 4 | _aVOCABULARIO | |
| 650 | 4 | _aLIBROS DE TEXTO | |
| 700 | 1 | _aLévêque, André | |
| 942 | _cBK | ||
| 998 | _craquel | ||
| 999 |
_c18089 _d18089 |
||